| 000 | 00763nam a2200253Ia 4500 | ||
|---|---|---|---|
| 003 | OSt | ||
| 005 | 20240730110508.0 | ||
| 008 | 210716s2000 xx 000 0 und d | ||
| 020 | _a9789812400802 | ||
| 040 | _cAIMIT LIBRARY | ||
| 041 | _aeng | ||
| 082 |
_a005.73 _2DROA |
||
| 100 |
_aDrozdek, Adam. _9174497 |
||
| 245 |
_aData structures and algorithms in java / _cBy Adam Drozdek. |
||
| 250 | _a1st ed. | ||
| 260 |
_aNew Delhi : _bVikas Publishing House , _c2000. |
||
| 300 |
_axvii,622 p.; _c24.7 cm. |
||
| 650 |
_aObject oriented programming using java _9174498 |
||
| 650 |
_aComplexity analysis _9174499 |
||
| 650 |
_alinked lists _9174500 |
||
| 650 |
_aStacks and queues _9174501 |
||
| 650 |
_aBinary trees _9174502 |
||
| 942 |
_2ddc _cBK _k005.73 DROA |
||
| 999 |
_c186678 _d186678 |
||